Промышленная экология. Практикум: учебное пособие

Bibliographic Details
Main Author: Тимофеева С. С. Светлана Семеновна
Other Authors: Тюкалова О. В. Ольга Васильевна
Summary:В учебном пособии представлены практические работы по расчету параметров газоочистного оборудования, оборудования для очистки сточных вод и системы защиты и переработки твердых бытовых отходов. Пособие соответствует содержанию разделов государственного образовательного стандарта по направлению 280700 «Техносферная безопасность». Пособие предназначено для студентов направления подготовки 280700 «Техносферная безопасность» по профилям «Безопасность жизнедеятельности в техносфере» и «Безопасность технологических процессов и производств» в рамках подготовки бакалавров.
Language:Russian
Published: Москва, Форум, 2014
Series:Высшее образование. Бакалавриат
Subjects:
Format: Book
KOHA link:https://koha.lib.tpu.ru/cgi-bin/koha/opac-detail.pl?biblionumber=254029

MARC

LEADER 00000nam0a2200000 4500
001 254029
005 20231101232911.0
010 |a 9785911348625 
010 |a 978-5-16-009643-8 
035 |a (RuTPU)RU\TPU\book\276451 
090 |a 254029 
100 |a 20140318d2014 m y0rusy50 ca 
101 0 |a rus 
102 |a RU 
105 |a a j 000zy 
200 1 |a Промышленная экология. Практикум  |e учебное пособие  |f С. С. Тимофеева, О. В. Тюкалова 
210 |a Москва  |c Форум  |c Инфра-М  |d 2014 
215 |a 128 с.  |c ил. 
225 1 |a Высшее образование. Бакалавриат 
330 |a В учебном пособии представлены практические работы по расчету параметров газоочистного оборудования, оборудования для очистки сточных вод и системы защиты и переработки твердых бытовых отходов. Пособие соответствует содержанию разделов государственного образовательного стандарта по направлению 280700 «Техносферная безопасность». Пособие предназначено для студентов направления подготовки 280700 «Техносферная безопасность» по профилям «Безопасность жизнедеятельности в техносфере» и «Безопасность технологических процессов и производств» в рамках подготовки бакалавров. 
606 1 |a Промышленная экология  |2 stltpush  |3 (RuTPU)RU\TPU\subj\52249  |9 70735 
610 1 |a экологическая защита 
610 1 |a атмосфера 
610 1 |a гидросфера 
610 1 |a литосфера 
610 1 |a практикумы 
610 1 |a учебные пособия 
675 |a 504.064(076.5)  |v 3 
700 1 |a Тимофеева  |b С. С.  |g Светлана Семеновна 
701 1 |a Тюкалова  |b О. В.  |g Ольга Васильевна 
801 1 |a RU  |b 63413507  |c 20140318 
801 2 |a RU  |b 63413507  |c 20160318  |g RCR 
900 |a Промышленная экология 
942 |c BK 
954 |l 8 
959 |a 51/20140317  |d 5  |e 229,90  |f ЧЗТЛ:1  |f АНЛ:1  |f УФ:3 
959 |a 3/20160114  |d 3  |e 229,90  |f УФ:3